000 00323 a2200157 4500
001 157209
040 _cEscola São Tomás de Aquino
100 _aANDRADE, Carlos Drummond de
240 1 0 _aCorpo
_lpor
245 1 0 _aCorpo
300 _a124 p.
362 0 _a1984
440 1 _aRecord
697 _aPoesia
942 _cBK
999 _c157209
_d157209